Holiday Quiz

Random Holiday or Christmas Quiz
Score 0/24 Timer 06:00
9 Plays Today
% Correct
Skillet
98%
Book
95.3%
Globe
94.9%
Chair
94.3%
Bicycle
94.1%
Cat
94%
Dog
93.9%
Babies
93.9%
Goat
93.5%
Fake Pony
93.3%
Motorcycle
92.2%
Car
92.1%
% Correct
Bottle of Wine
92.1%
Trees
92%
Toilet
91.8%
House
91.7%
Bedroom
91.6%
Helicopter
91.4%
Office
91.4%
Man
89.8%
Rocking Horse
89.2%
Drill
89%
Blender
76.2%
Postbox
65.8%
Remove Ads.
Support Sporcle.
Get the best of Sporcle when you Go Orange. This ad-free experience offers more features, more stats, and more fun while also helping to support Sporcle. Thank you for becoming a member.

You're not logged in!

Compare scores with friends on all Sporcle quizzes.
OR
Log In

Show Comments

Extras

Top Quizzes Today


Score Distribution

Your Account Isn't Verified!

In order to create a playlist on Sporcle, you need to verify the email address you used during registration. Go to your Sporcle Settings to finish the process.

Report this User

Report this user for behavior that violates our Community Guidelines.

Details: